American Territories-Sudden Death - Statistics

General Stats
  • This quiz has been taken 58 times
  • The average score is 5 of 14
Answers on the Grid
Answers color-coded by a green-red scale on the quiz's grid according to % correct below.
American Samoa
Puerto Rico
U.S Virgin Islands
Navassa Island
Johnston Atoll
Guam
Northern Mariana Islands
Wake Island
Baker Island
Midway Atoll
Howland Island
Kingman Reef
Palmyra Atoll
Jarvis Island
Southern Mariana Islands
Palau
Micronesia
Kiribati
Bermuda
Cay Sal Bank
Niue
Bikini Atoll
Lighthouse Reef
Greenland
Okinawa
Marshall Islands
U.S Solomon Islands
American Polynesia
 
Answer Stats
Answer % Correct
U.S Virgin Islands
69%
Guam
67%
American Samoa
56%
Puerto Rico
44%
Northern Mariana Islands
39%
Midway Atoll
33%
Jarvis Island
25%
Palmyra Atoll
25%
Wake Island
25%
Baker Island
22%
Johnston Atoll
19%
Navassa Island
19%
Howland Island
14%
Kingman Reef
14%
No matching quizzes found
Score Distribution
Percent of People with Each Score
Percentile by Number Answered
Your Score History
You have not taken this quiz